000 00977cam a2200157 4500500
005 20260329022700.0
041 _afre
042 _adc
100 1 0 _aAugustins, Georges
_eauthor
245 0 0 _aFor Martine: ATPs in Nanterre, among other places
260 _c2024.
500 _a86
520 _aWhile studying festive practices, historian Michel Vovelle identified “obstinate forms”—“formal structures capable of rising from their ashes in entirely different contexts.” Re-examining the criteria of such “obstinacy” allows us to update this 1980s concept. In its reformulated version, it connects with the notion of “latent custom” (Van Gennep), as well as with more established concepts such as “revitalization” and the “invention of tradition.”
786 0 _nEthnologie française | 54 | 3 | 2024-11-15 | p. 129-132 | 0046-2616
856 4 1 _uhttps://shs.cairn.info/journal-ethnologie-francaise-2024-3-page-129?lang=en&redirect-ssocas=7080
999 _c1921832
_d1921832